Statistiques concernant Tracklist A7 - SCH

Cliquez ici pour prendre le quiz!

Statistiques générales

  • Ce quiz a été pris 85 fois
    (72 depuis la dernière actualisation)
  • Le résultat moyen est 8 sur 14

Statistiques - réponses

Réponse% Correct
A7
100%
Fusil
85%
Gomorra
74%
John Lennon
74%
Champs-Élysées
70%
Liquide
62%
Solides
57%
Rêves de gosse
55%
Gedeon
53%
Pas de manières
49%
J'reviens de loin
45%
Genny & Ciiro
43%
Drogue prohibée
40%
Mauvaises idées
34%

Distribution des résultats

Percentile par nombre de réponses

% des personnes avec chaque résultat

Votre développement - résultats

Vous n’avez pas pris ce quiz depuis la dernière actualisation